| 000 | 01272nmm a2200349 a 4500 | ||
|---|---|---|---|
| 001 | ocm0002347514 | ||
| 003 | TR-IsHL | ||
| 005 | 20201028185435.0 | ||
| 008 | 190818s2003 tu tur | ||
| 007 | cr cn | ||
| 020 | _a9789758719860 | ||
| 035 |
_a2347514 _b(N$T) |
||
| 050 | 0 | 4 |
_aJC491 _b.G67419 2003 |
| 090 | 0 | 4 |
_aJC491 _b.G67419 2003 |
| 100 | 1 | _aGregor, Anthony James | |
| 245 | 1 | 0 |
_aJanus'un yüzleri: yirminci yüzyılda Marksizm ve faşizm _h[electronic resource] / _cAnthony James Gregor ; çeviren Deniz Öktem |
| 250 | _aBirinci Basım | ||
| 260 |
_aİstanbul : _bGelenek Yayıncılık, _c2003 |
||
| 300 | _a274 p. | ||
| 500 | _aOrijinal Adı The Faces of Janus: Marxism and Fascism in the 20th Century | ||
| 650 | 4 | _aSosyoloji | |
| 650 | 4 | _aSociology | |
| 650 | 0 |
_aDevrimler _x Tarih _x 20. Yüzyıl |
|
| 650 | 0 |
_aRevolutions _x History _x20th Century |
|
| 650 | 0 |
_aFaşizm _x Tarih _x 20. Yüzyıl |
|
| 650 | 0 |
_aFascism _x History _x 20th Century |
|
| 650 | 0 |
_aKomünizm _x Tarih _x 20. Yüzyıl |
|
| 650 | 0 |
_aCommunism _x History _x 20th Century |
|
| 650 | 7 |
_aHISTORY / Revolutionary _2bisacsh |
|
| 700 | 1 | _aÖktem, Deniz | |
| 856 | 4 | 0 | _uhttp://search.ebscohost.com/login.aspx?direct=true&scope=site&db=e011xww&AN=2347514 |
| 999 |
_c21464 _d21464 |
||